000 00681nam a2200289Ia 4500
005 20260324125330.0
008 008 260324s9999 xx 000 0 eng d
020 _a9781849773263
037 _aEBOOK
040 _aCRL
040 _beng
040 _cCRL
041 _2eng
041 _aeng
084 _qCRL
100 _aJonathan Aldred
_91177584
245 4 _aThe Skeptical Economist
245 0 _bRevealing the Ethics Inside Economics
260 _bTaylor and Francis
260 _c2009
365 _a
365 _b120
856 _uhttp://www.taylorfrancis.com/books/9781849773263
942 _cEBOOK
999 _c1772725
_d1772725